000 00354nam a2200133 a 4500
005 20141022142001.0
008 100916s19uu xx 00 eng d
050 _aDVD
_bH83 2002
100 _aHoward,Ronald
245 _aValue-based leadership:
_bthe new frontier in value creation.
650 _aDVD
650 _amanagement leadership
942 _cAVM
999 _c276257
_d276257